000 00481nam a2200145 4500
999 _c11285
_d11285
008 181113b ||||| |||| 00| 0 eng d
022 _a
082 _aDPer 050 T48 Apr - June 2016, v. 187 n. 12-24
100 _932490
_aBegley, Sarah
245 _aElena Ferrante brings dark charm to young readers/
_cSarah Begley.
260 _aHong Kong;
_bTime Asia,
_cc2016.
300 _av187 n12, page 46:
_billustrations;
_c27cm.
650 0 _932491
_aChildren's stories.
942 _2ddc
_cPER